000 01450nam a2200301 a 4500
001 BRCA_2722
005 20190320203935.0
008 031208s1892----sp-a---###---#000-0#spa-u
041 _aspa
044 _asp
084 _a219
_b.T37
_c[1892]
100 1 _aCervantes Saavedra, Miguel de
_d1547-1616
_9213
245 1 0 _aEl Ingenioso Hidalgo Don Quijote de la Mancha
_cMiguel de Cervantes Saavedra.
260 _aBarcelona
_bLuis Tasso Serra
_c[1892]
300 _a2 v.
_bil.
_c23 cm.
500 _aContenido : v 1. Primera parte. Dedicatoria del autor. Prólogo del autor. Versos preliminares. Texto. -- v 2. Segunda parte. Dedicatoria del autor. Prólogo del autor. Texto
500 _aEdición : Dibujos de Gustavo Doré. Reproducciones foto-zincográficas
500 _aEdición sin pretensiones de lujo, pero muy bien impresa, con las portadas a dos tintas, adornada con profusión de grabados y 54 láminas de Doré, reducidas a menor tamaño. Semipiel; lomeras decoradas con adornos dorados Lúdovik Osterc
500 _aIncluye índice : De ilustraciones (v 2. p. 911-912)
500 _aQM208
650 1 4 _aNovela española
_yÉpoca clásica, 1500-1700
_9215
650 1 4 _aLiteratura española
_yÉpoca clásica, 1500-1700
_9216
650 1 4 _aNovela española
_ySiglo XVII
_9217
650 1 4 _aDon Quijote (Personaje ficticio)
_eNovela
_9218
740 0 _aEl Ingenioso Hidalgo Don Quijote de la Mancha
902 _aQFM
942 _2lcc
_cB
999 _c2462
_d2462